| 000 | 00501nam a2200145Ia 4500 | ||
|---|---|---|---|
| 008 | 100122s9999 xx 000 0 und d | ||
| 082 |
_b59356 _a294.5921 |
||
| 100 | _aदेशमुख श्रीकृष्ण | ||
| 245 | _aईशावस्योपनिषद | ||
| 260 |
_bमहाराष्ट्र ग्रंथ भांडार _c2000 |
||
| 300 | _a40 | ||
| 630 | _aईशावस्योपनिषद | ||
| 730 | _aईशावस्योपनिषद | ||
| 942 | _cBOOK | ||
| 999 |
_c434953 _d434950 |
||